Le Francais des employés /

Gespeichert in:
Bibliographische Detailangaben
1. Verfasser: Dany, Max
Weitere Verfasser: Noé, Christine
Format: Sách giấy
Veröffentlicht: Paris : Hachette , 1986
Tags: Tag hinzufügen
Keine Tags, Fügen Sie den ersten Tag hinzu!
Thư viện lưu trữ: Thư viện Trường Đại học Đà Lạt
LEADER 00566nam a2200253 4500
001 DLU020018212
005 ##7/2/2001
020 # # |a 978- 
041 # # |f re 
082 # # |a 448  |b DA-M 
100 # # |a Dany, Max 
245 # # |a Le Francais des employés /  |c Max Dany, Christine Noé 
260 # # |a Paris :  |b Hachette ,  |c 1986 
300 # # |a 192 tr.;   |c 24 cm. 
700 # # |a Noé, Christine 
992 # # |a 0 
994 # # |a DLU 
900 # # |a False 
911 # # |a Administrator 
925 # # |a G 
926 # # |a A 
927 # # |a SH 
980 # # |a Thư viện Trường Đại học Đà Lạt